Statistics for England County Quiz - Staffordshire

Click here to take the quiz!

General Stats

  • This quiz has been taken 75 times
  • The average score is 11 of 15

Answer Stats

HintAnswer% Correct
County townStafford
99%
City and largest settlement in StaffordshireStoke-on-Trent
99%
Very popular theme park and resort complex in StaffordshireAlton Towers
90%
Short-haired, medium-sized, terrier breed which originated in the countyStaffordshire
{Bull} Terrier
88%
Staffordshire born singer-songwriter and ex-member of 'Take That'Robbie Williams
87%
Name given to the industrial area around the above city due to its ceramic making historyPotteries
84%
Market town where brewing is a major industry{Burton} upon Trent
82%
National Park which occupies part of the north of the countyPeak District
79%
Area of Outstanding Natural Beauty in the south of the county{Cannock} Chase
71%
The smallest of the county's two cities which has a cathedral with three spiresLichfield
68%
Professional football club based in BurslemPort Vale
62%
Talented football player from Hanley who won European Footballer of the Year in 1956Stanley Matthews
62%
'Motorhead' frontman who was born in BurslemLemmy
53%
East Staffordshire town with a racecourse which hosts the Midlands Grand NationalUttoxeter
51%
At 1,519 feet above sea level, this 'bright' sounding village, in the far north of the county,
claims to be the highest in Great Britain
Flash
28%

Score Distribution

Percentile by Number Answered

Percent of People with Each Score

Your Score History

You have not taken this quiz